Photonics optoelectronics for MTech, BTech MSc (Electronics), BSc (Hons/ Pass), GATE, NET/SET
Saved in:
| Main Author: | |
|---|---|
| Format: | Book |
| Language: | English |
| Published: |
CBS Publishers and Distributors
2017
|
| Tags: |
Add Tag
No Tags, Be the first to tag this record!
|
MARC
| LEADER | 00000nam a22000007a 4500 | ||
|---|---|---|---|
| 008 | 211020b ||||| |||| 00| 0 eng d | ||
| 020 | |a 9789386478221 | ||
| 100 | |a KAKANI SL |a Kakani, Shubhra | ||
| 245 | |a Photonics optoelectronics |b for MTech, BTech MSc (Electronics), BSc (Hons/ Pass), GATE, NET/SET |c SL Kakani [and] Shubhra Kakani |g XIV, 881p. | ||
| 260 | |b CBS Publishers and Distributors |c 2017 |h New Delhi |i 696898 |i 696899 |l TA1750.K12 |m Optoelectronics |m Optoelectronic devises |m Photonics | ||
| 500 | |a It includes index and illustration | ||
| 942 | |a lcc |c BK |e Adeyeye Y.S. |f 20/10/21 | ||
| 952 | |0 0 |1 0 |2 lcc |4 0 |7 0 |9 3633 |a HOL |b TL |c QZ |d 2021-10-20 |o TA 1501 . K12 |p 2021-67369 |r 2021-10-20 00:00:00 |t 696898 |w 2021-10-20 |y BK | ||
| 952 | |0 0 |1 0 |2 lcc |4 0 |7 0 |9 3634 |a HOL |b TL |c QZ |d 2021-10-20 |o TA 1501 . K12 |p 2021-67370 |r 2021-10-20 00:00:00 |t 696899 |w 2021-10-20 |y BK | ||
| 999 | |c 1801 |d 1801 | ||